000 00521nam a2200217Ia 4500
003 OSt
005 20220924133659.0
006 a|||||r|||| 00| 0
007 ta
008 220923b |||||||| |||| 00| 0 snd d
024 _a267865
037 _cTextual
040 _aARTS
_cARTS
_bsnd
041 _2snd
_asnd
082 _aO1593:3NAHI:2, K6
100 _aAhuja
245 0 _aKanwal jagi uthiya
260 _c1966
942 _hO1593:3NAHI:2, K6
_cTEXL
_2CC
999 _c434726
_d434726